Filosofía : 3er curso de BUP

Gespeichert in:
Bibliographische Detailangaben
1. Verfasser: García Navarro, Sebastián
Format: Buch
Sprache:Spanisch
Erschienen: Barcelona : Teide, 1977
Ausgabe:1ª ed.
Katalog:MANES:  Suchergebnis im Bibliothekskatalog
Schulbuchspezifische Eigenschaften:
Tags: Tag hinzufügen
Keine Tags, Fügen Sie den ersten Tag hinzu!
Hinzugefügt zu:24.07.1990
Geändert in:07.05.2025

MARC

LEADER 00000cam a2200000 i 4500
005 20250507134359.0
008 900725s1977 espa fp 000 0 spa d
020 |a 8430731903 
040 |a uned  |b spa  |c entro-manes 
100 1 |a García Navarro, Sebastián  |9 37114 
245 1 0 |a Filosofía :   |b 3er curso de BUP /   |c S. García-Navarro 
250 |a 1ª ed. 
260 |a Barcelona :   |b Teide,   |c 1977 
300 |a 383 p. :   |b il. 
546 |a España 
561 |5 es-BUNED  |3 L.T.M. 2466  |a España. Fondo Manes UNED  |k MANES 
690 0 |a FILO 
691 0 |a SE 
942 |2 ddc  |c BK 
999 |c 93097  |d 93097 
999 |c manes:93097  |d 93097